000 00971 a2200229 4500
001 45953
005 20260407155732.0
008 260407a2011 arg spa d
003 AR-UNSa-BCEJYS
040 _aAR-UNSa-BCEJYS
_bspa
_cAR-UNSa-BCEJYS
080 _a331.1
_xTeoría y organización del trabajo. Relaciones entre empresas y trabajadores
245 1 0 _aManuales de buenas prácticas en teletrabajo
020 _a978-92-2-325463-6
264 1 _aBuenos Aires :
_bOIT
_c2011
300 _a43 p.
_c25 cm.
505 _a1. Introducción - 2. Antecedentes - 3. Objetivos del manual - 4. Destinatarios - 5. Marco conceptual - 6. Gestión del teletrabajo y capital humano - 7. El trabajo en las políticas públicas.
041 _aspa
942 _cBK
590 _aniveau_biblio:m niveau_hierar:0
100 1 _aOrganización Internacional del Trabajo (OIT)
856 4 1 _uhttps://www.biblioeco.unsa.edu.ar/pmb/images/libros/L127242.jpg
_yImagen de portada
_qimage/jpeg
999 _c4082
_d4082